Welcome to the Holygrace Academy Library

Please use search bar below to get started

THE DONKEY AND THE GOAT (Record no. 2690)

MARC details
000 -LEADER
fixed length control field 00414nam a22001697a 4500
020 ## - INTERNATIONAL STANDARD BOOK NUMBER
ISBN 978-93-83876-34-1
082 ## - DEWEY DECIMAL CLASSIFICATION NUMBER
Classification number 823
Item number AMR/D
100 ## - MAIN ENTRY--AUTHOR NAME
Personal name AMRITHA
100 ## - MAIN ENTRY--AUTHOR NAME
Personal name SANGEETHA
245 ## - TITLE STATEMENT
Title THE DONKEY AND THE GOAT
Remainder of title SHORT STORY
246 ## - VARYING FORM OF TITLE
Title proper/short title THE DONKEY AND THE GOAT
Remainder of title SHORT STORY
260 ## - PUBLICATION, DISTRIBUTION, ETC. (IMPRINT)
Place of publication THRISUR
Name of publisher H & C PUBLISHING HOUSE
300 ## - PHYSICAL DESCRIPTION
Number of Pages 48
520 ## - SUMMARY, ETC.
Summary, etc SHORT STORY
650 ## - SUBJECT ADDED ENTRY--TOPICAL TERM
Topical Term SHORT STORY
942 ## - ADDED ENTRY ELEMENTS (KOHA)
Koha item type Books

No items available.